Oracle 10g developing media rich applications

Integrating Multimedia features in databases in one of the most important new applications in the last 20 years

সংরক্ষণ করুন:
গ্রন্থ-পঞ্জীর বিবরন
প্রধান লেখক: Guros, Larry
বিন্যাস: গ্রন্থ
ভাষা:Undetermined
প্রকাশিত: Amsterdam Elsevier digital press 2007
বিষয়গুলি:
ট্যাগগুলো: ট্যাগ যুক্ত করুন
কোনো ট্যাগ নেই, প্রথমজন হিসাবে ট্যাগ করুন!
Thư viện lưu trữ: Trung tâm Học liệu Trường Đại học Cần Thơ
LEADER 00731nam a2200217Ia 4500
001 CTU_172842
008 210402s9999 xx 000 0 und d
020 |c 65.95 
082 |a 005.75 
082 |b G978 
100 |a Guros, Larry 
245 0 |a Oracle 10g developing media rich applications 
245 0 |c Larry Guros, Lynne Dunckley 
260 |a Amsterdam 
260 |b Elsevier digital press 
260 |c 2007 
520 |a Integrating Multimedia features in databases in one of the most important new applications in the last 20 years 
650 |a Computer software,Phần mềm máy tính 
650 |x Development,Phát triển 
904 |i QHieu 
980 |a Trung tâm Học liệu Trường Đại học Cần Thơ